| 000 | 00965nas a2200289 4500 | ||
|---|---|---|---|
| 001 | BR9202693 | ||
| 003 | BR-BrBNA | ||
| 005 | 20231205092532.0 | ||
| 007 | ta | ||
| 008 | 230509b bl.|||p| |||| 00| 00por d | ||
| 040 |
_aBR-BrBNA _bpor _cBiblioteca Nacional de Agricultura |
||
| 041 | _a(Pt) | ||
| 072 | _aQ03 | ||
| 100 | 1 | _aCalil, E.M.B. | |
| 100 | 1 | _aCalil, R.M. | |
| 100 | 1 | _aMiguel, O. | |
| 100 | 1 | _aGermano, M.I.S. | |
| 100 | 1 | _aGermano, P.M.L. | |
| 245 | 1 | _aA importancia da inspecao veterinaria em produtos embutidos de origem animal | |
| 246 | 1 | _aThe role of veterinary inspection duty in sausage production | |
| 650 | _aCARNE | ||
| 650 | _aINSPECAO SANITARIA | ||
| 650 | _aSAUDE PUBLICA | ||
| 773 | 0 |
_tComunicacoes Cientificas da Faculdade de Medicina Veterinaria e Zootecnia da Universidade de Sao Paulo (Brazil) _xISSN 0101-3313 _g(1990), v. 14(2) p. 91-97 _wBR9202693 |
|
| 909 |
_a202311 _bLúcia _c55 _dLúcia Elande |
||
| 942 |
_2AGRIS _n0 _cANA |
||
| 999 |
_c132396 _d132396 |
||